• 首页
  • 本馆介绍
  • 公告通知
  • 最新文献
  • 馆藏检索
  • 电子资源
  • 读者导购
  • 参考咨询
  • 我的图书馆
  • 登录
  • 详细信息显示
  • 放入我的书架
  • 预约/预借图书
  • 作者相关作品
  • 分类相关作品
  • 丛书相关作品
  • 出版社相关作品

书目信息

  • 表格格式
  • 工作单格式
  • 卡片格式
题名:
UFO.ET未解之谜全实录
    
 
作者: 韦杰 编著
分册:  
出版信息: 北京   时事出版社  2002
页数: 339页
开本: 20cm
丛书名:
单 册:
中图分类: N49 , Q693-49
科图分类:
主题词: 飞碟--普及读物 , 地外生命--普及读物 , 飞碟 , 地外生命 , 自然科学--普及读物
电子资源:
ISBN: 7-80009-725-0
000 00935nam0 2200301 450
001 1532684168
005 20150118090548.54
010    @a7-80009-725-0@dCNY22.00
100    @a20030716d2002 em y0chiy50 ea
101 0  @achi
102    @aCN@b110000
105    @aa z 000yy
200 1  @aUFO.ET未解之谜全实录@AUFO.ET wei jie zhi mi quan shi lu@f韦杰编著
210    @a北京@c时事出版社@d2002
215    @a339页@c照片@d20cm@e光盘1片
300    @a最新图文版
307    @a附光盘 ISBN 7-900099-77-7
330    @a本书阐述了目击UFO的记录,看到UFO的证据,与UFO的对话及实际接触,以及关于外星人的探索,国际和国内科学界对UFO及外星人的看法等内容。
606 0  @a飞碟@j普及读物
606 0  @a地外生命@j普及读物
606 0  @a飞碟
606 0  @a地外生命
606 0  @a自然科学@x普及读物
690    @aN49@v4
690    @aQ693-49@v4
701  0 @a韦杰@Awei jie@c(科普)@4编著
801  0 @aCN@bNLC@c20101222
905    @aZUCC@dN49@eJY182
    
    UFO.ET未解之谜全实录/韦杰编著.-北京:时事出版社,2002
    339页:照片;20cm+光盘1片
    最新图文版
    
    ISBN 7-80009-725-0:CNY22.00
    本书阐述了目击UFO的记录,看到UFO的证据,与UFO的对话及实际接触,以及关于外星人的探索,国际和国内科学界对UFO及外星人的看法等内容。
●
相关链接 在E读中查询图书 在五车中查询图书 在当当中查询图书 在豆瓣中查询图书


正题名:UFO.ET未解之谜全实录     索取号:N49/JY182         预约/预借

序号 登录号 条形码 馆藏地/架位号 状态 备注
1 7853239   278532394   学院路分馆/ [索取号:N49/JY182] 在馆    
2 7853240   278532401   学院路分馆/ [索取号:N49/JY182] 在馆    
唐山师范学院图书馆 欢迎您!
大连网信软件有限公司© 版权所有